| 000 | 00517nam a2200193 a 4500 | ||
|---|---|---|---|
| 005 | 20210219153112.0 | ||
| 008 | 991125n 000 0 spa u | ||
| 035 | _aUPN01000078103 | ||
| 100 | _aPALACIOS CALDERON, Fernando | ||
| 222 | _aREVISTA MEXICANA DE PEDAGOGIA | ||
| 245 | _aEvaluación de la calidad de la educación | ||
| 300 | _a18-20 | ||
| 362 | _a1997 8 (33) | ||
| 653 | 0 | _aCALIDAD EDUCATIVA | |
| 653 | 0 | _aCURRICULUM | |
| 653 | 0 | _aEVALUACION EDUCATIVA | |
| 904 |
_aAC _b015914 |
||
| 905 | _aArticulo | ||
| 999 |
_c68496 _d68496 |
||